000 00353nam a2200133Ia 4500
008 151001s9999||||xx |||||||||||||| ||und||
100 _ashow Bernard
245 _a"The inlelligent womans Guide to socialism, "
250 _a1
260 _bPenguin Books
260 _c1937
300 _a492
365 _b8
999 _c950362
_d950359